| 000 | 00503nam a2200193Ia 4500 | ||
|---|---|---|---|
| 008 | 151119s9999||||xx |||||||||||||| ||und|| | ||
| 082 | _a891.461 | ||
| 082 | _bGKKV22854 | ||
| 100 | _aदिहो अनघा | ||
| 245 | _aसावळ्या रे | ||
| 260 | _a-- | ||
| 260 | _b-- | ||
| 260 | _c2002 | ||
| 600 | _aदिहो अनघा | ||
| 630 | _aसावळ्या रे | ||
| 700 | _aदिहो अनघा | ||
| 730 | _aसावळ्या रे | ||
| 942 | _cBOOK | ||
| 999 |
_c1075558 _d1075555 |
||